Представление документа в формате RUSMARC

ПолеНазваниеЗначение
  Тип записи a
  Библиографический уровень m
001 Контрольный номер RU\NLR\BIBL_A\022509017
005 Дата корректировки 20260703112413.9
010 Индекс ISBN __
a ISBN 978-5-04-213027-4
9 Тираж 1500 экз.
b Уточнения в пер.
100 Данные общей обработки __
a Данные общей обработки 20260521d2025 u y0rusa0189 ca
101 Язык документа 0_
a Язык текста rus
102 Страна публикации __
a Страна публикации RU
105 Кодированные данные (монография) __
a Кодированные данные (монография) a z 000ay
200 Заглавие и сведения об ответственности 1_
a Заглавие Тайны льда
e Сведения, относящиеся к заглавию исторический детектив
f Первые сведения об ответственности Антон Чиж
203 Вид содержания и тип средства __
a Вид содержания Текст
b Характеристика содержания визуальный
c Тип средства непосредственный
210 Выходные данные 1_
a Место издания Москва
c Издательство Эксмо
d Дата издания 2025
215 Физическое описание __
a Объем 532, [9] с.
c Иллюстрации/тип воспроизводства ил., табл.
d Формат 20 см
225 Серия 1_
a Серия Мастер детектива
i Наименование части Антон Чиж
333 Примечание о целевом назначении __
a Примечание о целевом назначении 16+
464 Аналитический уровень _0
1 2001
a Фигуры обязательной (школьной) программы
e для состязаний по фигурной езде на льду, урверждённые на стокгольмском конгрессе конькобежцев в 1897 году
1 455 0
a Школьныя фигуры по списку Международнаго Союза конкьбежцев
606 Тематические рубрики 0_
a Основная рубрика Детективные романы и рассказы (х. л.)
610 Ключевые слова 0_
a Ключевые слова детективы русские
686 Индексы других классификаций __
2 Код системы rubbk
a Классификационный индекс 84Р2-46
700 Автор _1
a Фамилия Чиж
b Имя (инициалы) А.
c Титул (звания) писатель
f Даты 1965-
g Полное личное имя Антон
801 Источник записи _0
a Страна RU
b Организация NLR
c Дата составления 20250401
g Правила каталогизации RCR
801 Источник записи _1
a Страна RU
b Организация NLR
c Дата составления 20250401
2 Код формата rusmarc
801 Источник записи _2
a Страна RU
b Организация Ульяновская ОНБ
c Дата составления 20260521
g Правила каталогизации RCR
900 Электронные ресурсы __
a Имя электронного ресурса много20260037
901 Тип документа __
t Тип документа m
909 Создатель записи __
a Создатель записи Егорова Э. А.
b Дата создания записи 20260521
910 Корректоры записи __
a Корректор записи Пряхина
b Дата внесения изменения в запись 20260703